| Поле | Инд. | ПП | Название | Значение |
|---|---|---|---|---|
| Тип записи | a | |||
| Библиографический уровень | b | |||
| 001 | Контрольный номер | RU/IS/BASE/507314456 | ||
| 005 | Дата корректировки | 20200522191756.2 | ||
| 008 | Кодируемые данные | 20160128 | ||
| 040 | b | Код языка каталог. | rus | |
| e | Правила каталог. | PSBO | ||
| 041 | 0_ | a | Код языка текста | rus |
| 084 | a | Индекс другой классификации/Индекс ББК | 74.48 | |
| 100 | 1_ | a | Автор | Тайхлер У. |
| q | Полное имя | Тайхлер Ульрих; Teichler Ulrich | ||
| u | Дополнение к имени | Teichler U. | ||
| 245 | 10 | a | Заглавие | Интервью с профессором Ульрихом Тайхлером |
| c | Ответственность | запись беседы К. Багдасаровой | ||
| 520 | a | Аннотация | Журналистку интересует: "Каковы могут быть последствия пристального внимания к рейтингам университетов, как одному из "побочных эффектов" высшего образования?" | |
| 650 | 14 | a | Основная рубрика | высшее образование |
| a | Основная рубрика | образование | ||
| a | Основная рубрика | профессиональное образование | ||
| 653 | 1_ | a | Ключевые слова | Болонская реформа |
| a | Ключевые слова | глобализация общества | ||
| a | Ключевые слова | Европа | ||
| a | Ключевые слова | Европейский союз (ЕС) | ||
| a | Ключевые слова | единое образовательное пространство | ||
| a | Ключевые слова | исследовательские университеты | ||
| a | Ключевые слова | качество образования | ||
| a | Ключевые слова | образовательная политика | ||
| a | Ключевые слова | профессиональные компетенции | ||
| a | Ключевые слова | рейтинги университетов | ||
| a | Ключевые слова | реформа образования | ||
| a | Ключевые слова | финансирование исследований | ||
| a | Ключевые слова | финансирование университетов | ||
| 700 | 1_ | a | Автор | Багдасарова К. |
| e | Роль лиц | автор записи беседы | ||
| 773 | 08 | t | Заглавие источника | Вопросы образования |
| d | Дата издания источника | 2015 | ||
| g | Прочая информация | № 1. - С. 10 - 13 | ||
| w | Контрольный № источника | RU/IS/BASE/482515005 | ||
| 901 | t | Тип документа | b |